De la esencia del arte /

En este libro se encuentran distintos artículos acerca del arte y la teoría artística; Fiedler consideraba que ésta última debía abandonar los carriles de la especulación estética y fundarse sobre sus propias bases.

সংরক্ষণ করুন:
গ্রন্থ-পঞ্জীর বিবরন
প্রধান লেখক: Fiedler, Konrad (autor)
বিন্যাস: গ্রন্থ
ভাষা:স্প্যানিশ
মালা:(Akal Arte y Estética ; 10)
বিষয়গুলি:
ট্যাগগুলো: ট্যাগ যুক্ত করুন
কোনো ট্যাগ নেই, প্রথমজন হিসাবে ট্যাগ করুন!

MARC

LEADER 00000nam^a2200000^a^4500
001 000124949
005 20250521000000.0
009 20260310094632.449
037 |a Acervo ITESO - Biblioteca 
041 |a ESP 
082 |a 701. 1  |b FIE 
100 |a Fiedler, Konrad  |e (autor) 
245 1 0 |a De la esencia del arte /  |c K. Fiedler ; tr. por Manfred Schönfeld. 
264 |a Buenos Aires, Argentina :  |b Nueva Visión,  |c 1958 
300 |a 138 p. 
336 |a texto  |b txt  |2 rdacontenido 
337 |a sin mediación  |b n  |2 rdamedio 
338 |a volumen  |b nc  |2 rdasoporte 
440 1 |a (Akal Arte y Estética ;  |v 10) 
520 |a En este libro se encuentran distintos artículos acerca del arte y la teoría artística; Fiedler consideraba que ésta última debía abandonar los carriles de la especulación estética y fundarse sobre sus propias bases. 
649 |a XX 
650 |a Estética 
650 |a Arte -  |x Teoría 
650 |a Arte -  |x Historia y Crítica 
650 |a Arquitectura 
650 |a Arte y Sociedad 
910 |a Fondo Salvador Reynoso Reynoso 
920 |a Impresos - Libros 
930 |a Fondos Especiales 
905 |a 112 
901 |a 0800007801  |b IT2  |c ESP  |u 20250521 
902 |a https://opac.biblio.iteso.mx/vufind/Record/000124949